| Tag |
First Indicator |
Second Indicator |
Subfields |
| LEADER |
00000cam a2200000Ia 4500 |
| 001 |
in00002806949 |
| 006 |
m o d |
| 007 |
cr cn||||||||| |
| 008 |
120921s2013 nyu ob 001 0 eng d |
| 005 |
20250816210831.4 |
| 010 |
|
|
|z 2012038844
|
| 020 |
|
|
|z 9781137281647
|
| 020 |
|
|
|z 9781137281661
|
| 035 |
|
|
|a (CaPaEBR)ebr10635981
|
| 040 |
|
|
|a CaPaEBR
|c CaPaEBR
|d UtOrBLW
|
| 050 |
1 |
4 |
|a HM1251
|b .H845 2013eb
|
| 082 |
0 |
4 |
|a 303.3/6
|2 23
|
| 100 |
1 |
|
|a Huemer, Michael,
|d 1969-
|
| 245 |
1 |
4 |
|a The problem of political authority :
|b an examination of the right to coerce and the duty to obey /
|c Michael Huemer.
|
| 264 |
|
1 |
|a Houndmills, Basingstoke, Hampshire ;
|a New York :
|b Palgrave Macmillan,
|c 2013.
|
| 300 |
|
|
|a 1 online resource (xxviii, 365 pages)
|
| 336 |
|
|
|a text
|b txt
|2 rdacontent
|
| 337 |
|
|
|a computer
|b c
|2 rdamedia
|
| 338 |
|
|
|a online resource
|b cr
|2 rdacarrier
|
| 504 |
|
|
|a Includes bibliographical references and index.
|
| 500 |
|
|
|a Electronic resource.
|
| 650 |
|
0 |
|a Authority.
|
| 650 |
|
0 |
|a Social contract.
|
| 650 |
|
0 |
|a Obedience.
|
| 655 |
|
7 |
|a Electronic books.
|2 local
|
| 710 |
2 |
|
|a ebrary, Inc.
|
| 856 |
4 |
0 |
|u https://ebookcentral.proquest.com/lib/tamucs/detail.action?docID=1094975
|y Connect to the full text of this electronic book
|t 0
|
| 980 |
|
|
|a 130108
|b 110
|c USD
|e 110
|f YBP_EBR0000050353
|g 1
|
| 999 |
f |
f |
|s b538b5b1-1631-39aa-954f-b896dbd3c3ac
|i 7649f12e-2085-3a5e-8690-7f514811095b
|t 0
|
| 999 |
|
|
|a MARS
|
| 952 |
f |
f |
|a Texas A&M University
|b College Station
|c Electronic Resources
|d Available Online
|t 0
|e HM1251 .H845 2013eb
|h Library of Congress classification
|
| 998 |
f |
f |
|a HM1251 .H845 2013eb
|t 0
|l Available Online
|